000 00471nam a2200169Ia 4500
005 20250423101706.0
008 250422s9999 xx 000 0 und d
020 _a083171543X
050 _aPE 1591 .W42/
245 0 _aWebster's new complete thesaurus : created in cooperation with the editors of Merriam-Webster
260 _aNew York
260 _bSmithmark
260 _c1995
300 _a638 p
650 _aEnglish language_Synonyms and anatomy
942 _cBK
999 _c36996
_d36996